[Event "Hoogovens-B"]
[Site "Wijk aan Zee"]
[Date "1999.01.31"]
[Round "11"]
[White "Nijboer, Friso"]
[Black "Bauer, Christian"]
[Result "1-0"]
[WhiteElo "2534"]
[BlackElo "2528"]
[Annotator "Finkel,A"]
[PlyCount "79"]
[EventDate "1999.01.19"]
[EventType "tourn"]
[EventRounds "11"]
[EventCountry "NED"]
[EventCategory "11"]
[SourceTitle "CBM 069"]
[Source "ChessBase"]
[SourceDate "1999.04.01"]
[SourceVersion "1"]
[SourceVersionDate "1999.04.01"]
[SourceQuality "1"]

1. e4 e6 2. d4 d5 3. Nc3 dxe4 4. Nxe4 Bd7 5. Nf3 Bc6 6. Bd3 Nd7 7. O-O Ngf6 8.
Ned2 Be7 9. Re1 O-O 10. c3 (10. Nc4 $5 Bb5 (10... b6 $5 11. Nce5 Bb7 12. Qe2
Nxe5 13. dxe5 Nd7 14. c3 c5 15. Bc2 Qc7 $11 {Kruppa,Y-Rustemov,A/Minsk 1996 
(42)}) (10... Nb6 11. Nfe5 Be8 12. Na5 $6 Qd5 13. Nb3 Bb5 14. Bg5 Bxd3 $11 {
Wahls,M-Chabanon,J/Bad Endbach 1995 (44)}) 11. c3 (11. a4 Ba6 12. c3 c5 13. Bf4
cxd4 14. Nxd4 Nc5 15. Bf1 $14 {Brodsky,M-Lauridsen,J/Vendrell op 1996 (24)})
11... c5 12. Bf4 cxd4 13. Nxd4 Bxc4 14. Bxc4 e5 15. Nf5 Bc5 16. Bg5 $14 {
Gelfand,B-Godena,M/Moscow olm 1994 (30)}) 10... b6 $5 {In the following
position black has two different plans:one is to give up the lightsquared
bishop,then to put a pawn on c6 and to start the manouvering with the pieces
and to wait for white to do something;and the other one is to keep the bishop
in the game by playing b6 and then transfering c5.It's very hard to say which
one is better,it depends only on taste:for those who prefer to defend solid,
but slightly passive positions suits the plan with B:f3,for those who prefer
more lively aand open game it's better to play 10...b6.} (10... Re8 11. a4 a6
12. Qe2 Bxf3 13. Qxf3 c6 14. Nc4 a5 15. Qh3 $14 {Forster,R-Hug,W/Winterthur
1996 (21)}) 11. Nc4 Bb7 12. b4 $5 {Agressive approuch:white wants to start the
battle without to many preparations.Another possibility is} (12. Qe2 c5 13. Bf4
cxd4 14. Nxd4 Nc5 15. Bc2 Be4 $5 (15... Qd5 16. Ne3 Qh5 17. Nef5 $1 {[%cal
Ge2e7]} exf5 18. Qxe7 Rfe8 19. Qc7 Nd5 20. Rxe8+ Rxe8 21. Qd6 $14) 16. Rad1
Bxc2 17. Qxc2 Qd5 18. b3 Qb7 $132) 12... c5 13. dxc5 bxc5 14. Na5 Bd5 15. c4 $5
{Responsible,but justified decision.} (15. a3 Rc8 $5 16. Ba6 Rb8 17. Bf4 Rb6
18. Bf1 Qc8 19. Rc1 Rd8 $13) 15... Bxf3 16. Qxf3 cxb4 17. Nc6 Qe8 18. Bb2 a5
19. Bc2 $1 $44 Rc8 (19... Nb6 20. Qd3 $1 g6 (20... Nbd7) 21. Qf3 Nfd7 22. Rad1
Nxc4 23. Ba1 a4 24. Qf4 $1 $40) 20. g4 $5 {[%cal Gg4g5]} Rxc6 $6 ({Stronger was
} 20... Nb6 $5 21. Nxe7+ Qxe7 22. g5 Nfd7 23. Qh5 g6 24. Qh6 f6 {and white has
to work hard to prove that he has sufficient compensation.}) 21. Qxc6 Nxg4 22.
Rad1 Nc5 23. Qg2 (23. Qf3 $5) 23... f5 24. Bd4 Qf7 ({Also after} 24... g6 $5
25. h3 Nf6 (25... Nh6 $6 26. Re5 Qc8 27. Rde1 Re8 28. Bxc5 Bxc5 29. Ba4 Re7 30.
Qc6 $1 $16) 26. Bxf5 $1 exf5 27. Bxc5 Ne4 28. Bd4 $14 {white keeps better
chanses.}) 25. Re2 a4 $6 {Another inaccuracy after which black is in serious
troubles.Nothing changes} (25... g6 26. Qc6 $1 $16) ({,but after correct} 25...
Rc8 $1 {the position remains double-edged.}) 26. h3 $1 Nf6 27. Bxc5 Bxc5 28.
Qc6 b3 $5 29. axb3 axb3 30. Bd3 $5 (30. Bxb3 $2 Qh5 31. Rb2 Ne4 32. Qxe6+ Kh8
33. Rd3 Qg5+ $19) 30... Ba7 $5 (30... Bd4 $5) 31. Qxe6 Qxe6 (31... g6 32. Qxf7+
Kxf7 33. Rb1 Rb8 34. Reb2 $18) 32. Rxe6 Rd8 33. Ree1 $16 {Black can't protect
the pawn on f5.} g6 (33... Bd4 34. Bxf5 b2 35. c5 $18 {[%cal Gc5c7]}) 34. Bxf5
Rxd1 35. Be6+ Kf8 36. Rxd1 Ne4 37. Rd8+ $1 ({Nothing gives} 37. Rb1 Bxf2+ 38.
Kg2 Nd2 $1 39. Rb2 Be3 $1 40. c5 Ke7 41. Bxb3 Nxb3 42. Rxb3 Bxc5 $11 {with
theoretical draw.}) 37... Ke7 38. Rd7+ Kxe6 39. Rxa7 Nc5 $2 ({After correct} 
39... Ke5 $1 {black has chanses to save the game:} 40. Rxh7 (40. Rd7 $2 Nd6 $1)
40... Kd4 41. Rg7 b2 (41... Kxc4 42. Rxg6 b2 43. Rb6 Kc3 44. h4 $18) (41... g5
42. Kg2 Kxc4 43. Rb7 $16) 42. Rb7 Kc3 43. Kg2 Nd2 (43... Nd6 44. Rxb2 Kxb2 45.
c5 Nc8 46. Kf3 Kc3 47. Kf4 Kd4 48. Kg5) 44. Rxb2 Kxb2 45. c5 $16) 40. Ra5 1-0

[Event "Festival comtois 3rd"]
[Site "Belfort"]
[Date "1998.12.15"]
[Round "2"]
[White "Ponomariov, Ruslan"]
[Black "Rozentalis, Eduardas"]
[Result "1-0"]
[WhiteElo "2585"]
[BlackElo "2575"]
[Annotator "Finkel,A"]
[PlyCount "55"]
[EventDate "1998.12.14"]
[EventType "tourn"]
[EventRounds "10"]
[EventCountry "FRA"]
[EventCategory "13"]
[SourceTitle "CBM 069"]
[Source "ChessBase"]
[SourceDate "1999.04.01"]
[SourceVersion "1"]
[SourceVersionDate "1999.04.01"]
[SourceQuality "1"]

1. e4 e6 2. d4 d5 3. Nd2 dxe4 4. Nxe4 Bd7 5. Nf3 Bc6 6. Bd3 Nd7 7. O-O Bxe4 {
Very solid,but passive continuation.By this move black shows his peacefull
intentions;more ambitious is 7...Ngf6.} 8. Bxe4 c6 9. c3 (9. Re1 Ngf6 10. Bd3
Be7 11. Bg5 O-O 12. Qe2 c5 13. c3 cxd4 14. Nxd4 $14 {Mueller,H-Liemann,M/Baden
Wuerttemberg-ch 1988 (23)}) 9... Ngf6 10. Bc2 Bd6 (10... g6 11. Bf4 Bg7 12. Qe2
O-O 13. Bd6 (13. Rad1 Qb6 14. Bc1 Qc7 15. Rfe1 Rfe8 16. g3 Rad8 17. Bf4 $14 {
Renet,O-Dienavorian,M/Thessaloniki olm 1988 (32)}) 13... Re8 14. Ne5 Bf8 15.
Bxf8 Kxf8 16. f4 Qb6 17. b4 $14 {Schlosser,M-Dizdarevic,E/EUCup Gr2 1994 (36)})
11. Re1 Qc7 12. Bg5 $5 {Interesting decision:white doesn't want to exchange
the darksquared bishop,which gives black good chanses to equalize:} (12. Qe2
Bf4 (12... O-O 13. Ne5 $5 c5 14. Nxd7 Nxd7 15. dxc5 Bxh2+ 16. Kh1 Be5 $13 {
Hansen,C-Rozentalis,E/Skolernes Skakklub 1997 (23)}) 13. Ne5 (13. Bxf4 Qxf4 14.
Ne5 Nxe5 15. dxe5 Nd5 16. a4 O-O-O 17. g3 Qg5 $11 {Xie Jun-Ivkov,B/Vienna
Walzer 1993 (37)}) 13... Bxc1 14. Raxc1 Nxe5 15. dxe5 Nd5 16. a4 g6 17. Qf3 Qe7
18. Re4 Rd8 $11 {Zetocha,C-Lazar,D/ROM-chT 1993 (43)}) 12... O-O ({Still
deserved attention} 12... Bf4 13. Bh4 $5 O-O 14. Qd3 Rad8 15. g3 $5 Bd6 16. Ng5
$5 $36) 13. Qd3 $14 Rad8 14. Rad1 Rfe8 15. a3 $5 {[%cal Gc2b1,Gb1a2] White's
positional advantage is not so significient,but what is the most important,the
fact that black is deprived an active counterplay and this puts on him an
additional pressure,while white may slowly improve the position.} b5 (15... c5
$6 16. Ba4 $1 {[%cal Ga4e8,Gg5d8]} cxd4 $6 (16... Be7 17. Qe2 a6 18. d5 $1 exd5
(18... Nxd5 19. Rxd5 exd5 20. Bxe7 Rc8 21. Ng5 $1 $18 {[%csl Rf7]}) 19. Bxf6 $1
Nxf6 20. Bxe8 Rxe8 21. Qd3 $14) 17. Bxf6 gxf6 18. Qxd4 Bc5 19. Qh4 $16) 16. Bb1
a6 17. Bh4 g6 $6 {Same passive strategy.Deserved attention} (17... c5 $5) 18.
Qe2 Be7 ({It was still possible to play} 18... c5 19. Ne5 Be7 20. Bg3 (20. Ba2
$6 Nxe5 21. dxe5 Nh5 22. Bxe7 Qxe7 $11) 20... Bd6 21. h3 $14) 19. Bg3 Qb7 20.
h3 $5 {Keeping the bishop.} (20. Ba2 Nh5) 20... Nd5 21. Ba2 Bf8 22. c4 $5 {
Changing the character of the game.} bxc4 $6 {[%csl Ra6]} (22... N5b6 $5 23. c5
Nd5 (23... Na8 $5) 24. Bxd5 cxd5 25. Ne5 $1 Nxe5 26. Bxe5 Rc8 27. Rd3 $36 {
[%csl Rg8][%cal Gh3h5,Gd3h3]}) 23. Bxc4 $36 {Black pawns on the queenside
become the target for the white pieces.} a5 (23... Ra8 24. Rc1 N5b6 25. Bd3 $14
{[%csl Ra6,Rc6]}) 24. Rc1 $1 {[%csl Rc6][%cal Gc1c2,Ge1c1,Gc4a6]} Bg7 25. Rc2
Qb6 $2 {A blunder,which loses on the spot,but black already faces quiet
serious problems.For example:} (25... c5 $6 26. dxc5 Nxc5 27. Bb5 Nd7 28. Ne5
Bxe5 29. Bxe5 $16) (25... N7b6 26. Ba6 Qa8 27. Ne5 Ne7 28. Rec1 Bh6 29. Rd1 $16
) 26. Bxd5 $1 exd5 (26... cxd5 27. Bc7 $18) 27. Qxe8+ Rxe8 28. Rxe8+ (28. Rxe8+
Bf8 (28... Nf8 29. Rc8 h6 30. R8xc6 $18) 29. Ne5 Qxd4 (29... Nb8 30. Rxc6 $1
Nxc6 31. Rxf8+ Kg7 32. Rxf7+ $18) 30. Nxd7 Qd1+ 31. Kh2 Qxc2 32. Be5 f6 33.
Rxf8+ $18) 1-0

[Event "Corus"]
[Site "Wijk aan Zee"]
[Date "2004.01.13"]
[Round "3"]
[White "Svidler, Peter"]
[Black "Bareev, Evgeny"]
[Result "1-0"]
[WhiteElo "2747"]
[BlackElo "2714"]
[Annotator "Finkel,A"]
[PlyCount "33"]
[EventDate "2004.01.10"]
[EventType "tourn"]
[EventRounds "13"]
[EventCountry "NED"]
[EventCategory "19"]
[SourceTitle "CBM 099"]
[Source "ChessBase"]
[SourceDate "2004.03.30"]
[SourceVersion "1"]
[SourceVersionDate "2004.03.30"]
[SourceQuality "1"]

1. e4 e6 2. d4 d5 3. Nc3 dxe4 4. Nxe4 Nd7 5. Nf3 Ngf6 6. Bd3 c5 7. O-O Nxe4 8.
Bxe4 Nf6 9. Bg5 cxd4 (9... h6 $6 10. Bxf6 Qxf6 11. c3 $5 Bd6 12. Qa4+ Bd7 13.
Qa3 Qe7 14. dxc5 Bxc5 15. b4 Bb6 16. Bxb7 $16 {Honfi,K-Dolgener,T/Budapest
FS09 IM-B 1995/1-0 (50)}) 10. Nxd4 (10. Qe2 Be7 (10... Qb6 11. Bxf6 gxf6 12.
Rfd1 Bg7 13. Nxd4 O-O 14. c3 Bd7 15. a4 a6 16. a5 Qc7 17. Qh5 $36 {Shirov,
A-Gelfand,B/Monaco 2002}) 11. Rad1 Nxe4 12. Rxd4 Qxd4 $2 (12... Bd7 $142 13.
Bxe7 Qxe7 14. Qxe4 Bc6 $11) 13. Nxd4 Nxg5 14. f4 $16 {Morozevich,A-Zakharevich,
I/RUS-Cup6 1997} (14. h4 e5 15. Qxe5 Ne6 16. Nf5 f6 17. Qb5+ Kf7 18. Nxe7 Kxe7
19. f4 $36 {Shirov,A-Van Wely,L/Monte Carlo 2001})) 10... h6 $6 {I must admit
that it's very difficult for me to explain Bareev's last move: Svidler's
opening choice was hardly a surprise for black since he already played this
line about a year ago. Wasting a tempo in the position in which none of black
pieces is developed looks just too brave.} (10... Be7 11. Bf3 $1 (11. Bd3 O-O
12. c3 Qd5 $1 13. Nf3 Rd8 14. Bc2 Qxd1 15. Raxd1 Bd7 $11 {Pandavos,P-Ellison,D/
Balatonbereny op 1992}) 11... O-O 12. Re1 Qc7 13. c3 a6 14. Bh4 $14 {Shirov,
A-Anand,V/Wijk aan Zee 2001}) (10... Bc5 11. Nb3 (11. c3 h6 $5 12. Bxf6 $5 Qxf6
13. Qa4+ Bd7 14. Qc4 Bxd4 15. cxd4 Rc8 16. Qb4 Bc6 $1 17. Bxc6+ bxc6 18. Qb7
O-O 19. Qxa7 Rfd8 20. Rfd1 c5 21. dxc5 Qxb2 22. h3 {1/2-1/2 Svidler,P-Izoria,Z/
Bled 2002/EXT 2003 (22)}) 11... Bd6 12. Bxf6 gxf6 13. Qh5 f5 14. Bxf5 $4 exf5
15. Rfe1+ Be7 $19 {Ardeleanu,A-Negulescu,A/Cupa Dinamo 1998}) 11. Bxf6 Qxf6 (
11... gxf6 12. Re1 Qb6 13. c3 Be7 14. a4 $16) 12. Qd3 {[%csl Re8] Threatening
to play Qb5+ on the next move.} a6 (12... Qd8) 13. Rad1 Be7 (13... Bc5 14. Nb3
Ba7 15. Bxb7 Bxb7 16. Qd7+ $18) 14. Nc6 $1 {May be this move was overlooked by
Bareev while playing 11...h6.} e5 (14... O-O 15. Nxe7+ Qxe7 16. Rfe1 e5) 15.
Nxe7 {I guess this move is even more dangerous for black than} (15. Qc3 $5 $16
{winning a pawn on e5.}) 15... Qxe7 16. f4 exf4 $4 {This move proves once
again that even the very best players are still human!} (16... O-O 17. Qe3 Re8
18. f5 Qf6 19. c4 $16 {[%csl Rc8]}) 17. Bxb7 $1 1-0

[Event "Petrov Memorial op"]
[Site "St Petersburg"]
[Date "2000.02.13"]
[Round "6"]
[White "Bezgodov, Alexei"]
[Black "Polovodin, Igor A"]
[Result "1/2-1/2"]
[WhiteElo "2576"]
[BlackElo "2434"]
[Annotator "Finkel,A"]
[PlyCount "39"]
[EventDate "2000.02.05"]
[EventType "swiss"]
[EventRounds "9"]
[EventCountry "RUS"]
[SourceTitle "CBM 076"]
[Source "ChessBase"]
[SourceDate "2000.05.31"]
[SourceVersion "1"]
[SourceVersionDate "2000.05.31"]
[SourceQuality "1"]

1. e4 e6 2. d4 d5 3. Nc3 dxe4 4. Nxe4 Nd7 5. Nf3 Ngf6 6. Nxf6+ Nxf6 7. g3 b6 (
7... Bd6 8. Bg2 O-O 9. O-O Rb8 10. Qe2 Bd7 11. Ne5 c5 12. Bf4 $14 {Welten,
H-Sinke,W/HZ Open 1999}) 8. Ne5 $5 {Interesting continuation drustically
changing the character of the game:from now on interesting tactical struggle
arises,which eventually leads to a quick,but extremly interesting draw.} (8.
Bg2 Bb7 9. O-O Be7 10. Qe2 (10. b3 O-O 11. Qe2 c5 12. dxc5 Bxc5 13. Bb2 Qe7 14.
Ne5 Bxg2 15. Kxg2 Qb7+ 16. Qf3 Qxf3+ 17. Kxf3 Rfd8 $11 {Vouldis,A-Pandavos,E/
GRE-ch 1993}) (10. c4 O-O 11. b3 c5 12. Bb2 cxd4 13. Nxd4 Bxg2 14. Kxg2 Qc7 15.
Qf3 Rac8 16. Rad1 $14 {Collas,D-Lalic,S/Zaragoza op-A 1995}) 10... O-O 11. Rd1
Re8 12. c4 Qc8 13. Bh3 Be4 14. Ng5 Bf5 15. Bg2 h6 $11 {Anand,V-Topalov,V/
Amber-rapid6th 1997}) 8... Qd5 (8... Bb7 9. Bb5+ c6 10. Qf3 (10. Nxc6 $2 Qd5 {
[%cal Gd5b5,Gd5h1]} 11. Nxa7+ Kd8 $19) 10... Rc8 11. Bxc6+ (11. Nxc6 Qd7 12. d5
) 11... Bxc6 12. Nxc6 Qc7 13. Ne5 Qxc2 $15) 9. Rg1 Bb7 10. Bg2 {Another
possibility was} Ne4 $5 (10... Qa5+ $5 11. Bd2 Qa6 12. Bf1 (12. Bxb7 Qxb7 13.
Qe2 Qd5 14. c3 Bd6 $11) 12... Qa4 13. c3 (13. Bc3 Bb4) 13... Qxd1+ 14. Rxd1 $11
) 11. c4 Qa5+ 12. Kf1 (12. Ke2 $6 f6 13. Nd3 O-O-O 14. Be3 c5 $36) 12... Rd8 (
12... Bd6 $2 13. Qe2 f5 14. Qh5+ g6 15. Nxg6 Nf6 16. Qh3 $1 $18) 13. Bg5 $5 {
Keeping on to play in the same advanturous way.} (13. Be3 Bd6 14. Bxe4 Bxe4 15.
Qg4 Bg6 16. Nxg6 hxg6 17. Kg2 $11) 13... f6 (13... Rd6) 14. Qg4 $5 {[%csl Re6]}
(14. Qh5+ g6 15. Nxg6 $2 Qxg5 16. Qxg5 fxg5 17. Nxh8 Bg7 18. Re1 Rxd4 $19)
14... Nxg5 (14... Rxd4 $2 15. Qxe6+ Be7 16. Nc6 Bxc6 17. Qxc6+ Kf8 18. Be3 Nd2+
19. Bxd2 $1 Qxd2 20. Bd5 $16 {[%csl Rf8][%cal Gc6e6]}) 15. Bxb7 fxe5 16. Qxg5
Rxd4 17. Bd5 ({Nothing promises} 17. Bc6+ $5 Kf7 18. Bd5 Rxd5 (18... exd5 19.
Qf5+ Ke8 20. Qxe5+ Be7 21. Qxd4 $18) 19. cxd5 Qxd5 20. Re1 Bd6 $13 {and the
position remains unclear.}) 17... Bc5 18. Bc6+ Kf7 19. Qxe5 Rf8 20. Rg2 1/2-1/2

[Event "Voronezh m"]
[Site "Voronezh"]
[Date "2003.06.12"]
[Round "1"]
[White "Svidler, Peter"]
[Black "Chernyshov, Konstantin"]
[Result "1/2-1/2"]
[WhiteElo "2713"]
[BlackElo "2524"]
[Annotator "Finkel,A"]
[PlyCount "95"]
[EventDate "2003.06.12"]
[EventType "match"]
[EventRounds "4"]
[EventCountry "RUS"]
[SourceTitle "CBM 096"]
[Source "ChessBase"]
[SourceDate "2003.09.25"]
[SourceVersion "1"]
[SourceVersionDate "2003.09.25"]
[SourceQuality "1"]

1. e4 e6 2. d4 d5 3. Nd2 dxe4 4. Nxe4 Bd7 5. Nf3 Bc6 6. Bd3 Nd7 7. Qe2 Ngf6 8.
Neg5 Bxf3 9. Nxf3 c6 10. Bd2 Qc7 (10... Qb6 11. O-O Be7 (11... Qc7 12. c4 Bd6
13. Rac1 O-O 14. Rfe1 Rfe8 15. Bc3 Rad8 $132 {Alvarez Peon,R-Alberto,A/ESP 1997
}) 12. c4 O-O 13. b4 Rfe8 14. Rfe1 Bf8 15. Rab1 Qc7 16. g3 g6 $13 {Jansa,
V-Karlsson,L/Esbjerg 1981}) (10... Bd6 11. O-O O-O 12. Ne5 Qc7 13. f4 c5 14. c3
Rad8 $15 {Mason,D-Dunworth,C/Nottingham 1996}) 11. O-O-O (11. c4 Bd6 12. O-O-O
Bf4 13. Kb1 Bxd2 14. Rxd2 O-O-O 15. Rhd1 Kb8 16. Bc2 h6 17. Ne5 $14 {Martinez,
C-Cuartas,C/Cartagena de Indias 2001}) 11... Bd6 12. g3 {Not a bad move, but
more flexible looks 12.Kb1 keeping an option to play g4 without losing a tempo.
} (12. Kb1 O-O $6 13. g4 $1 Rfe8 14. g5 Nd5 15. Qe4 Nf8 16. c4 Nf4 17. c5 Nxd3
18. cxd6 Nxf2 19. Qe2 {1-0 Brinck Claussen,B-Rasmussen,P/Copenhagen 1996/EXT
99 (19)}) 12... O-O (12... O-O-O 13. Rhe1 c5 14. Kb1 (14. Ne5 Nb6 15. dxc5 Bxc5
16. Bf4 Nbd5 17. Ng6 Nxf4 18. Nxf4 Kb8 $11 {Rudd,J-Arkell,K/Scarborough 2001})
14... Nb6 (14... cxd4 15. Nxd4 Qb6 16. Nb3 Qc7 17. Ba5 b6 18. Ba6+ Kb8 19. Nd4
$1 $14 {Wiesner,R-Hutter,O/Bayern 1998}) 15. c4 $16 {Kalesis,N-Kosic,D/Athens
1993}) 13. Rhe1 Rfe8 (13... c5) 14. Ne5 c5 15. Nxd7 Nxd7 16. Bc3 Bf8 {Taking
on d4 is premature since the ending arising after} (16... cxd4 17. Bxh7+ Kxh7
18. Qe4+ Kg8 19. Qxd4 {[%csl Rd6,Rd7]} Be5 20. Qxd7 Qxd7 21. Rxd7 Bxc3 22. bxc3
$14 {is better for white.}) 17. d5 {[%cal Ge2g4]} c4 18. d6 $1 {Nice
intermediate move keeping an initiative in white's hands.} (18. Bxc4 exd5 19.
Qxe8 Rxe8 20. Rxe8 Qxc4 $19) 18... Bxd6 (18... cxd3 19. dxc7 dxe2 20. Rxd7 Re7
21. Rd8 Re8 22. Rxe8 Rxe8 23. Rxe2 Rc8 24. Rd2 Rxc7 25. Rd8 f6 26. Bb4 $16) 19.
Bxc4 (19. Bxh7+ Kxh7 20. Qd2 Be5 21. Qxd7 Rad8 22. Qxc7 Bxc7 $11) 19... Rad8
20. Bb5 {Having in mind to trade queens.} (20. f4 a6 21. Qg4 Bf8 $13) 20... a6
21. Qg4 Bf8 22. Qc4 Qxc4 23. Bxc4 Bc5 24. f4 Nf6 25. a4 ({May be more chances
to fight for a win would leave} 25. Rxd8 Rxd8 26. f5 exf5 27. Bxf6 gxf6 28. Bd3
Rd5 29. Kd2 $14 {and black is still facing a few problems to solve.}) 25... Ng4
{[%csl Rg3,Rh2]} 26. Be2 $1 Ne3 27. Rxd8 Rxd8 28. a5 Nd5 29. Bd2 f5 30. Bf3 Kf7
31. c3 (31. c4 Nb4 32. Bxb4 Bxb4 33. Rd1 Rxd1+ 34. Kxd1 Bxa5 35. Bxb7 e5 $11)
31... Rd7 32. b4 Be7 33. Kc2 h6 34. h4 Nf6 35. Rd1 (35. c4 $2 Rxd2+ 36. Kxd2
Bxb4+ 37. Ke2 Bxe1 38. Kxe1 Ne4 $19) 35... Ne4 36. Be1 (36. Bxe4 fxe4 37. Re1
Rd3 38. g4 Rg3 39. g5 Rh3 $15) 36... Rxd1 37. Kxd1 e5 38. Ke2 exf4 39. gxf4 g5
40. fxg5 hxg5 41. h5 (41. hxg5 Bxg5 42. Kd3 Ke6 43. Bxe4 fxe4+ 44. Kxe4 Kd6 $11
) 41... Kg7 42. Kd3 Kh6 43. Bd2 Bd8 44. Be3 Bc7 45. c4 (45. Bxe4 fxe4+ 46. Kxe4
Kxh5 47. Kd5 g4 48. Ke6 g3 49. Kd7 Be5 50. c4 Bc3 $17) 45... Bg3 46. Kd4 Be1
47. Ke5 Nd2 48. Bxd2 1/2-1/2

[Event "Enghien les Bains"]
[Site "Enghien les Bains"]
[Date "2003.06.16"]
[Round "4"]
[White "Adams, Michael"]
[Black "Kortschnoj, Viktor Lvovich"]
[Result "1-0"]
[WhiteElo "2723"]
[BlackElo "2632"]
[Annotator "Finkel,A"]
[PlyCount "59"]
[EventDate "2003.06.13"]
[EventType "tourn"]
[EventRounds "9"]
[EventCountry "FRA"]
[EventCategory "17"]
[SourceTitle "CBM 096"]
[Source "ChessBase"]
[SourceDate "2003.09.25"]
[SourceVersion "1"]
[SourceVersionDate "2003.09.25"]
[SourceQuality "1"]

1. e4 {Mueller,Karsten} e6 2. d4 d5 3. Nd2 Bd7 4. Ngf3 dxe4 5. Nxe4 Bc6 6. Bd3
Be7 7. O-O Nf6 8. Ng3 Nbd7 9. Qe2 ({Sofortiges} 9. Ne5 $2 {(Mueller,Karsten)
wäre ein typischer Fehler:} Nxe5 10. dxe5 Qd5 11. f3 Qxe5 $17) 9... O-O $6 {
A dubious continuation passing the initiative into white's hands getting
nothing in return.} (9... Bxf3 10. Qxf3 {Mueller,Karsten} c6 {ist eine
prinzipielle Alternative.}) 10. Ne5 Nxe5 11. dxe5 Qd5 (11... Nd7 12. Rd1 Qc8
13. c4 a5 14. Bc2 a4 15. Bf4 Rd8 16. h4 (16. Ne4 $14 {(Mueller,Karsten) 1-0
Kovacs,L-Merlini,D/corr 1998/MegaCorr2 (28)}) 16... Nf8 17. h5 $14 {Bashkov,
V-Bus,M/Polanica Zdroj 1995}) 12. f4 {'!?' Mueller,Karsten.} (12. f3 $6 Nd7 13.
f4 Nc5 {'=' Mueller,Karsten. Mueller,Karsten: '1-0 Fernandes,J-Cardoso,C/BRA
1999/EXT 2003 (49). (49)'} 14. Bc4 Qd4+ 15. Kh1 Ne4 16. Nxe4 Qxe4 17. Be3 Rad8
$11 {Fernandes,J-Cardoso,C/BRA 1999}) 12... Nd7 (12... Ng4 13. Kh1 Nh6 14. Bd2
Rad8 15. Bc3 a6 16. Rad1 Qc5 17. Ne4 $14 {Berndt,S-Bonacic,N/Germany 1990}) 13.
Rd1 Qa5 14. c3 Ba4 $6 {Another dubious decision after which white's attack on
the kingisde is too strong to handle.} 15. Re1 (15. b3 $5 Bxb3 16. Bxh7+ Kxh7
17. Rxd7 Bc5+ 18. Kh1 Ba4 (18... Bd5) 19. Ne4 Bxd7 20. Qh5+ Kg8 21. Ng5 Rfc8
22. Qxf7+ Kh8 23. Qh5+ Kg8 24. Qh7+ Kf8 25. Qh8+ Ke7 26. Qxg7+ Ke8 27. f5 $18)
15... Rfd8 16. Kh1 {The king has to come to h1 sooner or later in order not to
think about intermediate checks on c5 or b6 so white is improving positions of
his pieces before making decisive break.} Nf8 17. Be3 c5 18. Be4 Qc7 19. f5 $1
{Signal for attack.} (19. Qg4 $5 {(Mueller,Karsten) mit der Idee} Ng6 20. Bxg6
hxg6 21. f5 $36) 19... Bc6 $6 {'?' Mueller,Karsten. Mueller,Karsten: 'danach
ist die weiße Initiative am Königsflügel kaum noch zu stoppen.'} (19... Qxe5 {
Mueller,Karsten: 'war vonnöten, z.B.'} 20. Qg4 $1 {[%csl Ra4]} (20. Bxb7 $6 {
Mueller,Karsten} Rab8 21. Bf3 exf5 $132) 20... Qc7 {'+/=' Mueller,Karsten.} 21.
Bh6 g6 22. fxg6 hxg6 23. Bxf8 Bxf8 24. Bxg6 fxg6 25. Qxa4 $16) 20. Bxc6 bxc6 (
20... Qxc6 21. Qg4) 21. Qg4 $16 Nd7 {'?!' Mueller,Karsten.} (21... exf5 22.
Nxf5 Ng6 23. Nxe7+ (23. e6 $16 {Mueller,Karsten}) 23... Nxe7 (23... Qxe7 24.
Bg5 Nxe5 25. Bxe7 Nxg4 26. Bxd8 $18) 24. Bxc5 $16) 22. Bf4 (22. f6 {Mueller,
Karsten} Bf8 23. fxg7 Be7 24. Bg5 $18) 22... Kh8 23. fxe6 fxe6 24. Qxe6 Nb6 25.
Qg4 Nd5 26. Nf5 Bf8 27. Bg3 Qc8 28. e6 g6 29. Be5+ Kg8 30. c4 1-0